00721nam a2200193 a 4500008004100000020001500041050001500056100002000071245004800091260003500139300002100174350000900195650002000204650002700224650003400251995009500285999001700380952013000397120416s1997 ||||||||||||||||| || u a0333693949 aHG 173 Val aValdez, Stephen13aAn introduction to global financial markets aLondon:bMacMillan Pressc1997 axvi, 327p.: ill. a0.00 aFINANCE--EUROPE aFINANCE--UNITED STATES 0aFINANCE--DEVELOPING COUNTRIES D0.00FCBU-MAIN LIBRARY (Kitwe)H1I9.95M1UAVAILABLEZMain Library Open Access Collection c47778d47778 00102lcc4070a001b001cMain Library Open Access Collectiond2022-11-30l0oHG 173 Valp45941r2022-11-30w2022-11-30y002